000 01683nam a22004337a 4500
001 000100046
003 CHAP
005 20220329143430.0
008 090710s2009 mx r 00010 spa d
010 _a96509
011 _a97481
035 _a108149
040 _cCHAP
090 _aTesis
100 1 _aGonzález López, Dulce Ma.
_949106
245 1 0 _aSolución nutritiva universal Steiner con diferentes concentraciones de N-NO3 para el cultivo de alcatraz blanco (Zantedeschia albomaculata) y amarillo (Zantedeschia elliotiana) /
_c/por Dulce Ma. González López.
260 _aChapingo, Méx. :
_bEl autor,
_c2009.
300 _axi, 79 h. :
_bilus., cuadros, gráfs.
502 _aTesis (Ing. Agr. Esp. en Fitotecnia) -- UACH. Departamento de Fitotecnia
530 _aTambién disponible en línea
590 _aALEPH
_b10
_c20130110
_lUCH01
_h1529
590 _aBATCH-UPD
_b10
_c20130110
_lUCH01
_h1334
590 _aBATCH-UPD
_b10
_c20130410
_lUCH01
_h0838
590 _aBATCH-UPD
_b10
_c20130913
_lUCH01
_h2351
590 _aBATCH-UPD
_b10
_c20140324
_lUCH01
_h1512
590 _aBATCH-UPD
_b10
_c20141002
_lUCH01
_h0840
590 _aCONVERSION
_b10
_c20130109
_lUCH01
_h1353
590 _aE11695DGD
_b10
_c20171005
_lUCH01
_h1341
650 1 4 _aAlcatraz.
_93582
650 1 4 _aCultivos en invernadero.
_930376
650 1 4 _aSoluciones nutritivas.
_9108527
856 _3Finding aid
_uhttp://10.13.5.2/tesis/108149.pdf
_zTeclea aqui
901 _aBK
911 _aen proceso
942 _cFOLL
942 _n0
949 _aTesis
_bBC
_cTES
_d33724002101132
_eTS1
_gDonaciØn
_h49386
_i108149
_sb
949 _aTesis
_bBC
_cTES
_d33724002101173
_eTS2
_fc.2
_gDonaciØn
_h49387
_i108149
_sb
999 _c96509
_d96509